Διδασκαλία του μαθήματος της ιστορίας στην πρωτοβάθμια εκπαίδευση με την χρήση νέων τεχνολογιών : εκπαιδευτικές εφαρμογές με ιστορικό πλαίσιο τη δικτατορία 1967-1974 ; μεταπτυχιακή εργασία

Αποθηκεύτηκε σε:
Λεπτομέρειες βιβλιογραφικής εγγραφής
Κύριος συγγραφέας: Μουστάκας-Βρεττός, Θεόφιλος
Συγγραφή απο Οργανισμό/Αρχή: Πανεπιστήμιο Αιγαίου Σχολή Ανθρωπιστικών Σπουδών Τμήμα Δημοτικής Εκπαίδευσης
Άλλοι συγγραφείς: Τσολακίδης, Κωνσταντίνος (Εισηγητής διατριβής), Κόκκινος, Γιώργος, 1960- (Εισηγητής διατριβής), Κιμουρτζής, Παναγιώτης Γ. (Εισηγητής διατριβής)
Μορφή: Thesis Βιβλίο
Γλώσσα:Greek
Δημοσίευση: Ρόδος : Πανεπιστήμιο Αιγαίου, Παιδαγωγικό Τμήμα Δημοτικής Εκπαίδευσης, 2007.
Θέματα:
Διαθέσιμο Online:http://hdl.handle.net/11610/16280
Ετικέτες: Προσθήκη ετικέτας
Δεν υπάρχουν, Καταχωρήστε ετικέτα πρώτοι!

MARC

LEADER 00000cam a2200000 i 4500
001 1/67464
008 071213s2007 gre d
035 |l 10093060 
040 |a GR-MY-UA  |b gre  |e aacr 
041 0 |a gre 
082 7 |a 372.899495   |2 (22) 
100 1 |a Μουστάκας-Βρεττός, Θεόφιλος. 
245 1 0 |a Διδασκαλία του μαθήματος της ιστορίας στην πρωτοβάθμια εκπαίδευση με την χρήση νέων τεχνολογιών :   |b εκπαιδευτικές εφαρμογές με ιστορικό πλαίσιο τη δικτατορία 1967-1974 ; μεταπτυχιακή εργασία /   |c Μουστάκας - Βρεττός Θεόφιλος ; Κόκκινος Γεώργιος (επιβλέπων) ; εξεταστική επιτροπή: Τσολακίδης Κωνσταντίνος, Κιμουρτζής Παναγιώτης.  
260 |a Ρόδος :   |b Πανεπιστήμιο Αιγαίου, Παιδαγωγικό Τμήμα Δημοτικής Εκπαίδευσης,   |c 2007.  
300 |a 84 σ. ;   |c 30 εκ. 
502 |a Διατριβή (μεταπτυχιακή) – Πανεπιστήμιο Αιγαίου, Ρόδος, 2007. 
504 |a Βιβλιογραφία : σ. 81-84.  
610 2 0 |a University of the Aegean  |x Dissertations. 
650 0 0 |a History  |x Computer-assisted instruction. 
650 0 0 |a History  |x Study and teaching (Elementary) 
650 0 0 |a History, Modern  |y 1945-1989. 
650 0 0 |a Dissertations, Academic  |z Greece. 
700 1 |a Τσολακίδης, Κωνσταντίνος.  |4 ths 
700 1 |4 ths  |a Κόκκινος, Γιώργος,   |d 1960- 
700 1 |4 ths  |a Κιμουρτζής, Παναγιώτης Γ. 
710 2 |a Πανεπιστήμιο Αιγαίου  |b Σχολή Ανθρωπιστικών Σπουδών  |b Τμήμα Δημοτικής Εκπαίδευσης. 
852 |a INST  |b RHODES  |c DIATR  |e 20071213  |h 372.899495 ΜΟΥ  |p 005400024982  |q 005400024982  |t MTXE  |y 23 
852 |a INST  |b RHODES  |c DIATR  |e 20071213  |h 372.899495 ΜΟΥ  |p 005400024983  |q 005400024983  |t MTXE  |y 23 
856 |u http://hdl.handle.net/11610/16280 
901 |a BIBL4-2007-3 
909 |a Ρ  |b 128189 
909 |a P  |b 128190 
924 |a ΜΟΥΣΤΑΚΑΣ-ΒΡΕΤΤΟΣ  |b ΘΕΟΦΙΛΟΣ  |y Ρόδος  |z 2007-11 
970 |a ΜΙΣΣΟΣ  |b ΣΤΑΥΡΟΣ  |z 2007/12/13